|
|
|
|
| LEADER |
00795cam a2200217 a 4500 |
| 001 |
0000098173 |
| 005 |
20091030090000.0 |
| 040 |
|
|
|a mod
|
| 041 |
|
|
|a eng
|
| 020 |
0 |
0 |
|a 9789833364480
|
| 090 |
0 |
0 |
|a 364.163
|b AZI
|e 2008
|
| 100 |
1 |
0 |
|a Azizi Ali
|y 1962-
|
| 245 |
1 |
0 |
|a Mencari maut
|b bagaimana untuk melindungi diri anda daripada penyelewengan, skim cepat kaya dan lain-lain pelaburan durjana
|c Azizi Ali
|
| 260 |
0 |
0 |
|a 139 p.
|c 21 cm
|
| 300 |
|
|
|a Kelana Jaya
|b Truewealth Pub.
|c 2008
|
| 650 |
0 |
0 |
|a Fraud
|
| 650 |
0 |
0 |
|a Commercial crimes
|
| 852 |
0 |
0 |
|a 01
|
| 999 |
|
|
|a 0270816
|b Markas Garison Gemas
|d BOOKS
|e Umum
|f Markas Garison Gemas
|j AVAILABLE
|q GOOD CONDITION
|
| 999 |
|
|
|a 0272143
|b MAWILLA II
|d BOOKS
|e Umum
|f MAWILLA 2
|j AVAILABLE
|q GOOD CONDITION
|
| 999 |
|
|
|a 0280236
|b 8 BGD
|d BOOKS
|e Umum
|f 8 BGD
|j AVAILABLE
|q GOOD CONDITION
|